[Event "Open Praha 2018 - A"]
[Site "?"]
[Date "2018.01.12"]
[Round "1"]
[White "Druska, Juraj"]
[Black "Chekletsov, Egor"]
[Result "1/2-1/2"]
[BlackElo "2039"]
[WhiteElo "2435"]
[LiveChessVersion "1.4.8"]

1. e4 {[%clk 1:30:12]} e5 {[%clk 1:30:24]} 2. Nf3 {[%clk 1:29:59]} Nf6
{[%clk 1:30:45]} 3. Nxe5 {[%clk 1:29:37]} Qe7 {[%clk 1:31:07]} 4. d4
{[%clk 1:28:53]} Nc6 {[%clk 1:31:23]} 5. Nxc6 {[%clk 1:24:52]} Qxe4+
{[%clk 1:31:42]} 6. Qe2 {[%clk 1:21:32]} dxc6 {[%clk 1:31:04]} 7. Nd2
{[%clk 1:16:14]} Qxe2+ {[%clk 1:31:09]} 8. Bxe2 {[%clk 1:16:39]} c5
{[%clk 1:24:07]} 9. Nb3 {[%clk 1:15:12]} cxd4 {[%clk 1:22:27]} 10. Nxd4
{[%clk 1:15:35]} Bd7 {[%clk 1:12:38]} 11. O-O {[%clk 1:09:17]} O-O-O
{[%clk 1:10:25]} 12. Bc4 {[%clk 1:05:27]} Bc5 {[%clk 1:08:48]} 13. Nf3
{[%clk 0:57:08]} Be6 {[%clk 1:06:38]} 14. Bxe6+ {[%clk 0:44:46]} fxe6
{[%clk 1:06:59]} 15. Bf4 {[%clk 0:36:25]} Rhf8 {[%clk 1:04:45]} 16. Rfe1
{[%clk 0:34:01]} Rde8 {[%clk 0:59:33]} 17. Rad1 {[%clk 0:24:44]} Nd5
{[%clk 0:47:13]} 18. Bg3 {[%clk 0:23:03]} Nf4 {[%clk 0:44:49]} 19. Rd2
{[%clk 0:18:05]} h6 {[%clk 0:39:02]} 20. a3 {[%clk 0:14:51]} a5 {[%clk 0:36:12]}
21. Ne5 {[%clk 0:14:03]} Rf5 {[%clk 0:31:45]} 22. c3 {[%clk 0:08:49]} Nh5
{[%clk 0:29:12]} 23. b4 {[%clk 0:08:29]} Ba7 {[%clk 0:25:46]} 24. Nc4
{[%clk 0:07:02]} Nxg3 {[%clk 0:25:35]} 25. hxg3 {[%clk 0:07:27]} a4
{[%clk 0:24:31]} 26. Ne3 {[%clk 0:04:29]} Re5 {[%clk 0:24:02]} 27. Nc2
{[%clk 0:04:52]} Rxe1+ {[%clk 0:23:55]} 28. Nxe1 {[%clk 0:05:21]} Rd8
{[%clk 0:23:12]} 29. Nf3 {[%clk 0:00:43]} Rxd2 {[%clk 0:23:28]} 30. Nxd2
{[%clk 0:01:10]} b5 {[%clk 0:23:51]} 31. Ne4 {[%clk 0:00:38]} Kd7
{[%clk 0:23:42]} 32. Kf1 {[%clk 0:01:03]} Kc6 {[%clk 0:23:51]} 33. Ke2
{[%clk 0:01:29]} Kd5 {[%clk 0:24:16]} 34. Kd3 {[%clk 0:01:52]} c5
{[%clk 0:23:50]} 35. f3 {[%clk 0:02:11]} cxb4 {[%clk 0:23:09]} 36. cxb4
{[%clk 0:02:33]} Bd4 {[%clk 0:23:30]} 37. Nc3+ {[%clk 0:02:25]} 1/2-1/2

[Event "Open Praha 2018 - A"]
[Site "?"]
[Date "2018.01.12"]
[Round "1"]
[White "Bruaset, Eivind"]
[Black "Kalegin, Evgenij"]
[Result "1/2-1/2"]
[BlackElo "2426"]
[WhiteElo "2036"]
[LiveChessVersion "1.4.8"]

1. e4 {[%clk 1:30:56]} c5 {[%clk 1:30:50]} 2. Nf3 {[%clk 1:29:35]} e6
{[%clk 1:31:15]} 3. b4 {[%clk 1:27:25]} cxb4 {[%clk 1:31:15]} 4. d4
{[%clk 1:27:47]} d5 {[%clk 1:31:26]} 5. e5 {[%clk 1:27:58]} Ne7 {[%clk 1:31:18]}
6. a3 {[%clk 1:26:30]} Nf5 {[%clk 1:31:37]} 7. axb4 {[%clk 1:25:37]} Bxb4+
{[%clk 1:31:58]} 8. c3 {[%clk 1:26:03]} Be7 {[%clk 1:32:19]} 9. Bd3
{[%clk 1:25:40]} Nc6 {[%clk 1:32:31]} 10. O-O {[%clk 1:22:07]} h5
{[%clk 1:32:11]} 11. Na3 {[%clk 1:14:36]} Bd7 {[%clk 1:22:17]} 12. Nc2
{[%clk 1:01:21]} g6 {[%clk 1:18:35]} 13. Ne3 {[%clk 0:53:28]} Rc8
{[%clk 1:15:14]} 14. Bxf5 {[%clk 0:44:42]} gxf5 {[%clk 1:15:29]} 15. c4
{[%clk 0:44:32]} f4 {[%clk 1:11:05]} 16. cxd5 {[%clk 0:38:19]} fxe3
{[%clk 1:11:12]} 17. dxc6 {[%clk 0:37:50]} exf2+ {[%clk 1:07:51]} 18. Rxf2
{[%clk 0:37:49]} Bxc6 {[%clk 1:08:09]} 19. Rxa7 {[%clk 0:29:50]} Rg8
{[%clk 0:56:00]} 20. Ra1 {[%clk 0:24:00]} Qd5 {[%clk 0:54:45]} 21. Ba3
{[%clk 0:18:15]} Bxa3 {[%clk 0:42:42]} 22. Rxa3 {[%clk 0:18:43]} Qe4
{[%clk 0:42:01]} 23. Qd2 {[%clk 0:17:42]} Qg4 {[%clk 0:34:41]} 24. Ne1
{[%clk 0:15:55]} h4 {[%clk 0:31:50]} 25. Rf4 {[%clk 0:14:25]} Qh5
{[%clk 0:24:36]} 26. Rh3 {[%clk 0:13:59]} Rg4 {[%clk 0:24:36]} 27. Rxg4
{[%clk 0:12:23]} Qxg4 {[%clk 0:25:02]} 28. Qf2 {[%clk 0:12:46]} Qg6
{[%clk 0:17:53]} 29. Qxh4 {[%clk 0:11:22]} Kd7 {[%clk 0:16:33]} 30. Rg3
{[%clk 0:09:47]} Qe4 {[%clk 0:15:28]} 31. Rg4 {[%clk 0:08:47]} Qe3+
{[%clk 0:14:50]} 32. Qf2 {[%clk 0:08:55]} Qxf2+ {[%clk 0:14:23]} 33. Kxf2
{[%clk 0:09:24]} Bd5 {[%clk 0:14:04]} 34. Ke3 {[%clk 0:08:48]} b5
{[%clk 0:12:05]} 1/2-1/2

[Event "Open Praha 2018 - A"]
[Site "?"]
[Date "2018.01.12"]
[Round "1"]
[White "Popov, Mikhail"]
[Black "Hujo, Jozef"]
[Result "1-0"]
[BlackElo "2034"]
[WhiteElo "2416"]
[LiveChessVersion "1.4.8"]

1. g3 {[%clk 1:30:56]} f5 {[%clk 1:30:19]} 2. Bg2 {[%clk 1:31:05]} Nf6
{[%clk 1:30:24]} 3. c4 {[%clk 1:30:30]} e6 {[%clk 1:28:45]} 4. Nc3
{[%clk 1:30:17]} d5 {[%clk 1:26:37]} 5. d3 {[%clk 1:28:07]} c6 {[%clk 1:24:40]}
6. Nf3 {[%clk 1:23:33]} dxc4 {[%clk 1:18:35]} 7. dxc4 {[%clk 1:23:43]} Qxd1+
{[%clk 1:17:26]} 8. Kxd1 {[%clk 1:22:54]} Bc5 {[%clk 1:12:32]} 9. e3
{[%clk 1:16:04]} Nbd7 {[%clk 1:09:58]} 10. b3 {[%clk 1:01:06]} e5
{[%clk 1:07:36]} 11. Bb2 {[%clk 0:53:35]} e4 {[%clk 0:55:54]} 12. Ng5
{[%clk 0:49:26]} Ke7 {[%clk 0:53:57]} 13. h4 {[%clk 0:46:33]} Ne5
{[%clk 0:48:41]} 14. Ncxe4 {[%clk 0:40:36]} fxe4 {[%clk 0:48:39]} 15. Bxe5
{[%clk 0:40:59]} Ng4 {[%clk 0:35:50]} 16. Nxe4 {[%clk 0:39:02]} Bxe3
{[%clk 0:33:49]} 17. Bd6+ {[%clk 0:34:35]} Kf7 {[%clk 0:30:53]} 18. fxe3
{[%clk 0:33:49]} Nxe3+ {[%clk 0:30:41]} 19. Ke2 {[%clk 0:32:54]} Nxg2
{[%clk 0:29:54]} 20. Kf2 {[%clk 0:32:03]} Bg4 {[%clk 0:24:21]} 21. Kxg2
{[%clk 0:31:15]} Rhe8 {[%clk 0:22:56]} 22. Rae1 {[%clk 0:29:46]} h6
{[%clk 0:18:30]} 23. Bf4 {[%clk 0:28:21]} 1-0

[Event "Open Praha 2018 - A"]
[Site "?"]
[Date "2018.01.12"]
[Round "1"]
[White "Lacina, Filip"]
[Black "Lalic, Bogdan"]
[Result "0-1"]
[BlackElo "2415"]
[WhiteElo "2029"]
[LiveChessVersion "1.4.8"]

1. e4 {[%clk 1:30:58]} c5 {[%clk 1:22:30]} 2. Nf3 {[%clk 1:30:03]} Nc6
{[%clk 1:22:50]} 3. d4 {[%clk 1:28:41]} cxd4 {[%clk 1:23:12]} 4. Nxd4
{[%clk 1:29:05]} Qb6 {[%clk 1:23:33]} 5. Nb3 {[%clk 1:28:54]} Nf6
{[%clk 1:23:35]} 6. Nc3 {[%clk 1:29:15]} e6 {[%clk 1:24:00]} 7. Bd3
{[%clk 1:29:23]} a6 {[%clk 1:23:50]} 8. Qe2 {[%clk 1:28:36]} Qc7 {[%clk 1:23:52]}
9. Bd2 {[%clk 1:27:10]} b5 {[%clk 1:23:42]} 10. a3 {[%clk 1:24:18]} Bb7
{[%clk 1:23:10]} 11. f4 {[%clk 1:24:25]} b4 {[%clk 1:22:30]} 12. axb4
{[%clk 1:23:42]} Nxb4 {[%clk 1:22:54]} 13. Na5 {[%clk 1:15:09]} Bc5
{[%clk 1:11:59]} 14. e5 {[%clk 1:09:36]} Nfd5 {[%clk 1:05:34]} 15. Nxb7
{[%clk 0:39:31]} Nxc3 {[%clk 0:52:40]} 16. Nd6+ {[%clk 0:29:58]} Qxd6
{[%clk 0:46:41]} 17. exd6 {[%clk 0:30:13]} Nxe2 {[%clk 0:47:06]} 18. Be4
{[%clk 0:30:37]} Nxc2+ {[%clk 0:33:59]} 19. Kxe2 {[%clk 0:29:26]} Nxa1
{[%clk 0:34:26]} 20. Bxa8 {[%clk 0:29:29]} Nb3 {[%clk 0:34:49]} 21. Bc3
{[%clk 0:26:27]} O-O {[%clk 0:33:46]} 22. Bb7 {[%clk 0:26:49]} a5
{[%clk 0:25:56]} 23. Rd1 {[%clk 0:22:21]} Rb8 {[%clk 0:25:35]} 24. Ba6
{[%clk 0:21:15]} Kf8 {[%clk 0:20:36]} 25. f5 {[%clk 0:12:24]} e5 {[%clk 0:18:01]}
26. Bc4 {[%clk 0:11:41]} Nd4+ {[%clk 0:15:58]} 27. Bxd4 {[%clk 0:10:10]} Bxd4
{[%clk 0:16:14]} 28. b3 {[%clk 0:10:32]} Rb6 {[%clk 0:16:23]} 29. Kf3
{[%clk 0:10:15]} Rxd6 {[%clk 0:16:43]} 30. Ke4 {[%clk 0:10:30]} Rc6
{[%clk 0:15:06]} 31. Bb5 {[%clk 0:01:01]} d5+ {[%clk 0:14:34]} 0-1

[Event "Open Praha 2018 - A"]
[Site "?"]
[Date "2018.01.12"]
[Round "1"]
[White "Akshat, Khamparia"]
[Black "Jinsoo, Kim"]
[Result "1-0"]
[BlackElo "2027"]
[WhiteElo "2381"]
[LiveChessVersion "1.4.8"]

1. d4 {[%clk 1:30:55]} Nf6 {[%clk 1:30:47]} 2. Bg5 {[%clk 1:31:09]} Ne4
{[%clk 1:30:50]} 3. h4 {[%clk 1:31:06]} c5 {[%clk 1:28:57]} 4. dxc5
{[%clk 1:30:58]} Qa5+ {[%clk 1:27:52]} 5. Nd2 {[%clk 1:31:05]} Nc6
{[%clk 1:22:07]} 6. c3 {[%clk 1:26:52]} Nxg5 {[%clk 1:19:43]} 7. Nb3
{[%clk 1:24:14]} Qc7 {[%clk 1:17:44]} 8. hxg5 {[%clk 1:20:16]} e6
{[%clk 1:16:18]} 9. e3 {[%clk 1:20:19]} Be7 {[%clk 1:09:27]} 10. f4
{[%clk 1:19:12]} e5 {[%clk 1:04:01]} 11. g3 {[%clk 1:18:00]} Nd8 {[%clk 1:02:51]}
12. Nf3 {[%clk 1:11:03]} exf4 {[%clk 0:40:30]} 13. exf4 {[%clk 1:07:56]} Ne6
{[%clk 0:38:33]} 14. Bd3 {[%clk 1:05:26]} g6 {[%clk 0:35:36]} 15. Qe2
{[%clk 1:04:30]} Bxc5 {[%clk 0:32:43]} 16. Nxc5 {[%clk 1:04:27]} Qxc5
{[%clk 0:33:06]} 17. O-O-O {[%clk 1:04:43]} a6 {[%clk 0:24:43]} 18. Ne5
{[%clk 1:00:44]} b5 {[%clk 0:18:17]} 19. Be4 {[%clk 1:00:18]} Rb8
{[%clk 0:17:30]} 20. Kb1 {[%clk 0:59:35]} b4 {[%clk 0:14:18]} 21. c4
{[%clk 0:58:19]} d6 {[%clk 0:08:34]} 22. Ng4 {[%clk 0:54:22]} h5 {[%clk 0:08:49]}
23. Nf6+ {[%clk 0:53:50]} Kf8 {[%clk 0:08:40]} 24. Rd5 {[%clk 0:52:10]} Qc7
{[%clk 0:08:06]} 25. Rhd1 {[%clk 0:52:18]} Rb6 {[%clk 0:08:29]} 26. b3
{[%clk 0:52:09]} Kg7 {[%clk 0:08:30]} 27. Qb2 {[%clk 0:52:26]} Kf8
{[%clk 0:07:01]} 28. Nd7+ {[%clk 0:50:34]} Bxd7 {[%clk 0:05:16]} 29. Qxh8+
{[%clk 0:50:59]} Ke7 {[%clk 0:05:42]} 30. Qf6+ {[%clk 0:51:19]} Kf8
{[%clk 0:04:01]} 31. Bxg6 {[%clk 0:50:21]} Bc6 {[%clk 0:03:44]} 32. Bxh5
{[%clk 0:50:34]} Bxd5 {[%clk 0:03:28]} 33. cxd5 {[%clk 0:50:44]} Ng7
{[%clk 0:03:30]} 34. Rc1 {[%clk 0:50:41]} Qd7 {[%clk 0:03:24]} 35. Rc8+
{[%clk 0:50:42]} Ne8 {[%clk 0:03:44]} 36. Rd8 {[%clk 0:50:40]} 1-0

[Event "Open Praha 2018 - A"]
[Site "?"]
[Date "2018.01.12"]
[Round "1"]
[White "Mindl, Josef"]
[Black "Moehn, Hans"]
[Result "0-1"]
[BlackElo "2378"]
[WhiteElo "2025"]
[LiveChessVersion "1.4.8"]

1. e4 {[%clk 1:30:58]} c5 {[%clk 1:30:37]} 2. Nf3 {[%clk 1:30:57]} e6
{[%clk 1:31:02]} 3. d4 {[%clk 1:30:08]} cxd4 {[%clk 1:31:26]} 4. Nxd4
{[%clk 1:29:56]} a6 {[%clk 1:31:50]} 5. Nc3 {[%clk 1:27:22]} Qc7 {[%clk 1:32:14]}
6. Be2 {[%clk 1:23:49]} b5 {[%clk 1:32:21]} 7. a3 {[%clk 1:19:16]} Bb7
{[%clk 1:32:04]} 8. O-O {[%clk 1:15:51]} Nf6 {[%clk 1:28:27]} 9. Bf3
{[%clk 1:12:01]} d6 {[%clk 1:26:38]} 10. g4 {[%clk 1:01:11]} h6 {[%clk 1:23:12]}
11. Bg2 {[%clk 0:59:12]} g5 {[%clk 1:14:29]} 12. Nb3 {[%clk 0:49:55]} Nbd7
{[%clk 1:09:27]} 13. f4 {[%clk 0:45:56]} gxf4 {[%clk 1:08:55]} 14. Bxf4
{[%clk 0:45:38]} h5 {[%clk 1:05:06]} 15. gxh5 {[%clk 0:36:28]} Qb6+
{[%clk 1:02:57]} 16. Kh1 {[%clk 0:35:19]} Nxh5 {[%clk 1:01:49]} 17. Qf3
{[%clk 0:32:53]} Nxf4 {[%clk 1:00:38]} 18. Qxf4 {[%clk 0:33:14]} Ne5
{[%clk 1:00:47]} 19. Rad1 {[%clk 0:28:36]} Be7 {[%clk 0:59:45]} 20. Nd4
{[%clk 0:25:34]} O-O-O {[%clk 0:57:31]} 21. Nf3 {[%clk 0:23:46]} Nxf3
{[%clk 0:57:20]} 22. Bxf3 {[%clk 0:23:12]} Rh7 {[%clk 0:56:53]} 23. Rg1
{[%clk 0:18:16]} Rdh8 {[%clk 0:56:20]} 24. Rg2 {[%clk 0:18:28]} Qc5
{[%clk 0:49:57]} 25. Rdg1 {[%clk 0:16:06]} Kd7 {[%clk 0:45:52]} 26. Rd1
{[%clk 0:14:58]} Rh4 {[%clk 0:42:08]} 27. Qg3 {[%clk 0:12:25]} Rh3
{[%clk 0:42:12]} 28. Qf4 {[%clk 0:10:26]} R8h4 {[%clk 0:36:27]} 29. Qxf7
{[%clk 0:08:23]} Qe5 {[%clk 0:35:59]} 30. Rd3 {[%clk 0:05:36]} Rf4
{[%clk 0:30:57]} 31. Qg8 {[%clk 0:00:42]} Rfxf3 {[%clk 0:30:41]} 32. Rxf3
{[%clk 0:00:36]} Rxf3 {[%clk 0:31:04]} 0-1

[Event "Open Praha 2018 - A"]
[Site "?"]
[Date "2018.01.12"]
[Round "1"]
[White "Chekletsov, Ilya"]
[Black "Krishnater, Kushager"]
[Result "0-1"]
[BlackElo "2021"]
[WhiteElo "2373"]
[LiveChessVersion "1.4.8"]

1. d4 {[%clk 1:30:58]} c5 {[%clk 1:30:29]} 2. d5 {[%clk 1:31:22]} e5
{[%clk 1:30:53]} 3. c4 {[%clk 1:31:30]} d6 {[%clk 1:31:17]} 4. Nc3
{[%clk 1:31:07]} Be7 {[%clk 1:31:40]} 5. g3 {[%clk 1:29:48]} Nf6 {[%clk 1:25:57]}
6. Bg2 {[%clk 1:29:53]} O-O {[%clk 1:26:14]} 7. Nf3 {[%clk 1:29:49]} Na6
{[%clk 1:10:10]} 8. O-O {[%clk 1:29:32]} Nc7 {[%clk 1:06:11]} 9. Ne1
{[%clk 1:28:42]} Rb8 {[%clk 1:02:06]} 10. a4 a6 {[%clk 0:59:38]} 11. a5
{[%clk 1:29:01]} b5 {[%clk 0:59:54]} 12. axb6 {[%clk 1:29:22]} Rxb6
{[%clk 1:00:19]} 13. Nd3 {[%clk 1:29:38]} Nd7 {[%clk 0:54:25]} 14. e4
{[%clk 1:29:37]} Bf6 {[%clk 0:52:52]} 15. Be3 {[%clk 1:28:27]} Re8
{[%clk 0:49:49]} 16. Qd2 {[%clk 1:26:26]} Rb8 {[%clk 0:45:32]} 17. Rfb1
{[%clk 1:25:37]} Nb6 {[%clk 0:44:15]} 18. b3 {[%clk 1:25:47]} Bd7
{[%clk 0:44:37]} 19. f4 {[%clk 1:24:45]} exf4 {[%clk 0:41:04]} 20. gxf4
{[%clk 1:25:10]} Bf5 {[%clk 0:38:02]} 21. Nf2 {[%clk 1:18:56]} Bg6
{[%clk 0:37:13]} 22. Bf3 {[%clk 1:12:41]} h6 {[%clk 0:34:42]} 23. Kh1
{[%clk 1:08:25]} Nd7 {[%clk 0:34:39]} 24. Qc2 {[%clk 1:03:48]} Bd4
{[%clk 0:25:17]} 25. Bxd4 {[%clk 0:48:00]} cxd4 {[%clk 0:24:32]} 26. Ne2
{[%clk 0:48:26]} Qh4 {[%clk 0:24:23]} 27. Nxd4 {[%clk 0:46:16]} Qxf4
{[%clk 0:24:30]} 28. Bg2 {[%clk 0:45:43]} Nc5 {[%clk 0:19:48]} 29. Re1
{[%clk 0:34:13]} Qf6 {[%clk 0:17:21]} 30. Rad1 {[%clk 0:24:38]} a5
{[%clk 0:17:46]} 31. Rd2 {[%clk 0:24:45]} N7a6 {[%clk 0:17:47]} 32. Qd1
{[%clk 0:24:31]} Qh4 {[%clk 0:16:20]} 33. Qc2 {[%clk 0:13:20]} Nb4
{[%clk 0:16:33]} 34. Qb1 {[%clk 0:13:35]} a4 {[%clk 0:16:10]} 35. Kg1
{[%clk 0:12:01]} axb3 {[%clk 0:13:58]} 36. Rb2 {[%clk 0:10:53]} Nbd3
{[%clk 0:12:43]} 37. Nf3 {[%clk 0:05:14]} Qf6 {[%clk 0:13:06]} 0-1

[Event "Open Praha 2018 - A"]
[Site "?"]
[Date "2018.01.12"]
[Round "1"]
[White "Pribyl, Viktor"]
[Black "Mihajlov, Sebastian"]
[Result "0-1"]
[BlackElo "2371"]
[WhiteElo "2011"]
[LiveChessVersion "1.4.8"]

1. e4 {[%clk 1:30:56]} e6 {[%clk 1:30:44]} 2. d4 {[%clk 1:31:06]} d5
{[%clk 1:31:07]} 3. Nc3 {[%clk 1:30:58]} Nf6 {[%clk 1:31:29]} 4. e5
{[%clk 1:30:29]} Nfd7 {[%clk 1:31:53]} 5. Nf3 {[%clk 1:30:28]} c5
{[%clk 1:31:42]} 6. dxc5 {[%clk 1:29:18]} Nc6 {[%clk 1:31:07]} 7. Bf4
{[%clk 1:29:24]} Bxc5 {[%clk 1:31:27]} 8. Bd3 {[%clk 1:21:58]} h6
{[%clk 1:29:08]} 9. h4 {[%clk 1:21:35]} a6 {[%clk 1:25:13]} 10. O-O
{[%clk 1:19:04]} O-O {[%clk 1:21:26]} 11. Qd2 {[%clk 1:15:39]} Nd4
{[%clk 1:11:50]} 12. Nxd4 {[%clk 1:03:41]} Bxd4 {[%clk 1:12:17]} 13. Bxh6
{[%clk 1:03:22]} Nxe5 {[%clk 1:01:57]} 14. Bg5 {[%clk 0:54:54]} f6
{[%clk 1:00:57]} 15. Be3 {[%clk 0:49:28]} Bxe3 {[%clk 0:58:49]} 16. Qxe3
{[%clk 0:49:38]} d4 {[%clk 0:58:53]} 17. Qe4 {[%clk 0:44:46]} Nxd3
{[%clk 0:59:14]} 18. Qxd3 {[%clk 0:42:10]} dxc3 {[%clk 0:59:36]} 19. Qxc3
{[%clk 0:42:30]} Bd7 {[%clk 0:59:12]} 20. h5 {[%clk 0:42:47]} Rc8
{[%clk 0:59:12]} 21. Qg3 {[%clk 0:42:53]} Qc7 {[%clk 0:59:32]} 22. Qg6
{[%clk 0:42:40]} Qxc2 {[%clk 0:59:50]} 0-1

[Event "Open Praha 2018 - A"]
[Site "?"]
[Date "2018.01.12"]
[Round "1"]
[White "Szpar, Milosz"]
[Black "Hrbek, Stepan"]
[Result "1-0"]
[BlackElo "2007"]
[WhiteElo "2367"]
[LiveChessVersion "1.4.8"]

1. e4 {[%clk 1:30:56]} c5 {[%clk 1:30:55]} 2. Nf3 {[%clk 1:31:11]} Nc6
{[%clk 1:31:17]} 3. d4 {[%clk 1:31:14]} cxd4 {[%clk 1:31:40]} 4. Nxd4
{[%clk 1:31:38]} g6 {[%clk 1:31:58]} 5. c4 {[%clk 1:30:02]} Bg7 {[%clk 1:32:23]}
6. Be3 {[%clk 1:30:11]} Nf6 {[%clk 1:32:45]} 7. Nc3 {[%clk 1:29:54]} O-O
{[%clk 1:32:42]} 8. Be2 {[%clk 1:29:49]} d6 {[%clk 1:33:02]} 9. O-O
{[%clk 1:29:33]} Bd7 {[%clk 1:33:28]} 10. Qd2 {[%clk 1:28:54]} Nxd4
{[%clk 1:33:35]} 11. Bxd4 {[%clk 1:28:24]} Bc6 {[%clk 1:33:58]} 12. f3
{[%clk 1:27:07]} Nd7 {[%clk 1:34:08]} 13. Bxg7 {[%clk 1:21:56]} Kxg7
{[%clk 1:34:30]} 14. f4 {[%clk 1:20:54]} Nf6 {[%clk 1:12:55]} 15. Qe3
{[%clk 1:18:12]} Qb6 {[%clk 1:07:19]} 16. Qxb6 {[%clk 1:18:21]} axb6
{[%clk 1:07:45]} 17. Bf3 {[%clk 1:14:58]} e5 {[%clk 1:06:15]} 18. g3
{[%clk 1:15:01]} Rfe8 {[%clk 1:04:47]} 19. Rfe1 {[%clk 1:13:31]} Re6
{[%clk 0:49:42]} 20. Re2 {[%clk 1:08:02]} Rae8 {[%clk 0:46:43]} 21. Rae1
{[%clk 1:07:26]} h6 {[%clk 0:45:31]} 22. b4 {[%clk 1:06:18]} exf4
{[%clk 0:35:37]} 23. gxf4 {[%clk 1:06:21]} g5 {[%clk 0:35:33]} 24. b5
{[%clk 1:05:44]} Bd7 {[%clk 0:35:58]} 25. e5 {[%clk 1:05:40]} dxe5
{[%clk 0:33:14]} 26. fxe5 {[%clk 1:06:03]} Nh7 {[%clk 0:31:44]} 27. Bxb7
{[%clk 1:06:03]} Nf8 {[%clk 0:21:57]} 28. Nd5 {[%clk 1:03:29]} Rb8
{[%clk 0:21:13]} 29. Ba6 {[%clk 1:03:47]} Bc8 {[%clk 0:16:59]} 30. a4
{[%clk 0:53:06]} Ng6 {[%clk 0:13:38]} 31. Re4 {[%clk 0:52:05]} Bb7
{[%clk 0:10:48]} 32. Kf2 {[%clk 0:49:41]} Ne7 {[%clk 0:09:47]} 33. Nc7
{[%clk 0:46:00]} Bxe4 {[%clk 0:10:09]} 34. Nxe6+ {[%clk 0:46:18]} fxe6
{[%clk 0:10:32]} 35. Rxe4 {[%clk 0:46:43]} Nf5 {[%clk 0:09:28]} 36. c5
{[%clk 0:45:44]} bxc5 {[%clk 0:09:30]} 37. Rc4 {[%clk 0:46:08]} Ne7
{[%clk 0:09:24]} 38. Rxc5 {[%clk 0:46:09]} Nd5 {[%clk 0:09:31]} 39. Rc8
{[%clk 0:45:42]} Rxc8 {[%clk 0:09:01]} 40. Bxc8 {[%clk 0:46:05]} Nb6
{[%clk 0:06:05]} 41. a5 {[%clk 0:45:10]} Nc4 {[%clk 0:06:29]} 42. a6
{[%clk 0:45:28]} Kg6 {[%clk 0:05:55]} 43. Bxe6 {[%clk 0:45:19]} Nb6
{[%clk 0:06:19]} 44. a7 {[%clk 0:45:38]} h5 {[%clk 0:06:31]} 45. Kf3
{[%clk 0:45:15]} Kg7 {[%clk 0:06:48]} 46. Bd5 {[%clk 0:45:32]} 1-0

[Event "Open Praha 2018 - A"]
[Site "Praha (CZE)"]
[Date "2018.01.12"]
[Round "1"]
[White "Jun, Rudolf"]
[Black "Marjanovic, Annamaria"]
[Result "1/2-1/2"]
[WhiteElo "2006"]
[BlackElo "2348"]
[PlyCount "96"]
[EventDate "2018.01.12"]

1. e4 c6 2. d4 d5 3. exd5 cxd5 4. c4 Nf6 5. Nc3 Nc6 6. Be3 g6 7. h3 Bg7 8. Nf3
O-O 9. c5 Ne4 10. Bb5 Nxc3 11. bxc3 Qa5 12. Bxc6 bxc6 13. O-O Bf5 14. Qd2 Qa3
15. Rfe1 f6 16. Bf4 Be4 17. Nh2 Rfe8 18. f3 Bf5 19. Ng4 e5 20. Bg3 Rab8 21.
dxe5 fxe5 22. Bxe5 Bxe5 23. Rxe5 Bxg4 24. Rxe8+ Rxe8 25. hxg4 Qxc5+ 26. Kh1 Qe3
27. Qd4 a6 28. Rb1 Qe7 29. Kg1 a5 30. c4 Qe5 31. Qxe5 Rxe5 32. Rb6 dxc4 33.
Rxc6 Re1+ 34. Kf2 Rc1 35. Ke3 Ra1 36. Rxc4 Rxa2 37. Kd4 Rd2+ 38. Ke3 Rd8 39.
Ra4 Rd5 40. f4 Kf7 41. g3 Rb5 42. Ra3 Ke6 43. Kd4 Kd6 44. Kc4 Rc5+ 45. Kd4 Rb5
46. Kc4 Kc6 47. Re3 Rc5+ 48. Kd4 Rd5+ 1/2-1/2

[Event "Open Praha 2018 - A"]
[Site "Praha (CZE)"]
[Date "2018.01.12"]
[Round "1"]
[White "Melamed, Tatiana"]
[Black "Schmuki, Roman"]
[Result "1-0"]
[WhiteElo "2347"]
[BlackElo "2000"]
[PlyCount "79"]
[EventDate "2018.01.12"]

1. e4 e6 2. d4 d5 3. Nd2 Be7 4. e5 c5 5. c3 Nc6 6. Bd3 Qb6 7. Ndf3 cxd4 8. cxd4
Bd7 9. Ne2 Bb4+ 10. Bd2 Nh6 11. O-O Bxd2 12. Qxd2 Nf5 13. Bxf5 exf5 14. Nf4 Be6
15. Nh5 O-O-O 16. Nxg7 h5 17. Rac1 Rdg8 18. Nxe6 fxe6 19. Ng5 Rg6 20. Rfd1 h4
21. f4 Kb8 22. Kh1 Rhg8 23. Qc3 a6 24. Qc5 Qxc5 25. Rxc5 Ka7 26. Rc3 R8g7 27.
Rh3 Rc7 28. Rc1 Kb6 29. Rxh4 Nxd4 30. Rxc7 Kxc7 31. Rh7+ Kc6 32. g3 Nc2 33. Rh8
Ne3 34. h4 Kd7 35. Kg1 d4 36. Kf2 Nd1+ 37. Ke2 Nxb2 38. h5 Rg7 39. h6 Rg6 40.
Rd8+ 1-0

[Event "Open Praha 2018 - A"]
[Site "Praha (CZE)"]
[Date "2018.01.12"]
[Round "1"]
[White "Zerafa, Patrick"]
[Black "Kaasen, Tor Fredrik"]
[Result "0-1"]
[WhiteElo "1997"]
[BlackElo "2340"]
[PlyCount "56"]
[EventDate "2018.01.12"]

1. d4 Nf6 2. Nf3 e6 3. g3 b5 4. a4 b4 5. b3 Bb7 6. Nbd2 c5 7. Nc4 cxd4 8. Qxd4
d5 9. Nce5 Qc7 10. Ra2 Ne4 11. Nd3 Nc6 12. Qb2 Nc3 13. Ra1 e5 14. Ng5 h6 15.
Nh3 e4 16. Bf4 Qe7 17. Nc1 g5 18. Bd2 Bg7 19. Na2 d4 20. e3 O-O 21. Bxc3 bxc3
22. Qc1 d3 23. Qb1 Rfd8 24. Bg2 dxc2 25. Qxc2 Ne5 26. O-O Rd2 27. Qb1 Nd3 28.
b4 c2 0-1

[Event "Open Praha 2018 - A"]
[Site "Praha (CZE)"]
[Date "2018.01.12"]
[Round "1"]
[White "Zajicek, Karel"]
[Black "Liu, Yi"]
[Result "0-1"]
[WhiteElo "1990"]
[BlackElo "2337"]
[PlyCount "34"]
[EventDate "2018.01.12"]

1. e4 e6 2. d4 d5 3. exd5 exd5 4. c4 Nf6 5. Nc3 Bb4 6. Bd3 O-O 7. Nge2 dxc4 8.
Bxc4 Nbd7 9. O-O Nb6 10. Bb3 Nfd5 11. a3 Nxc3 12. bxc3 Bd6 13. c4 c5 14. Bb2
Qh4 15. g3 Qh5 16. Qd2 Bh3 17. dxc5 Qf3 0-1

[Event "Open Praha 2018 - A"]
[Site "Praha (CZE)"]
[Date "2018.01.12"]
[Round "1"]
[White "Luukkonen, Tommi"]
[Black "Harstad, Christian"]
[Result "1-0"]
[WhiteElo "2331"]
[BlackElo "1985"]
[PlyCount "81"]
[EventDate "2018.01.12"]

1. d4 Nf6 2. c4 g6 3. f3 Bg7 4. e4 d6 5. Ne2 O-O 6. Nec3 c5 7. d5 e6 8. Bg5 h6
9. Be3 exd5 10. cxd5 Re8 11. Be2 a6 12. a4 h5 13. Nd2 Nbd7 14. O-O Qc7 15. Nc4
Rb8 16. Bf4 Ne5 17. Nxe5 dxe5 18. Be3 b6 19. h3 Nh7 20. Bc4 Qd6 21. Qe2 Ra8 22.
Qf2 f5 23. exf5 gxf5 24. f4 exf4 25. Bxf4 Qg6 26. Rad1 Bd7 27. Kh1 Bxc3 28.
bxc3 Nf6 29. Rb1 Ne4 30. Qf3 b5 31. axb5 axb5 32. Rxb5 Bxb5 33. Bxb5 Ra3 34.
Bxe8 Qxe8 35. d6 Rxc3 36. Qd1 Qd7 37. Qxh5 Rd3 38. Be5 Nxd6 39. Qg6+ Kf8 40.
Bxd6+ Qxd6 41. Rxf5+ 1-0

[Event "Open Praha 2018 - A"]
[Site "Praha (CZE)"]
[Date "2018.01.12"]
[Round "1"]
[White "Petrun, Milan"]
[Black "Jablonicky, Martin"]
[Result "0-1"]
[WhiteElo "1984"]
[BlackElo "2330"]
[PlyCount "48"]
[EventDate "2018.01.12"]

1. d4 Nf6 2. c4 g6 3. Nc3 Bg7 4. e4 d6 5. Be2 O-O 6. Be3 c5 7. dxc5 Qa5 8. cxd6
Nxe4 9. dxe7 Re8 10. Bd4 Nxc3 11. bxc3 Bxd4 12. Qxd4 Nc6 13. Qd2 Rxe7 14. Kf1
Bf5 15. g4 Rd8 16. Qg5 Qxc3 17. Rc1 Bc2 18. h4 f6 19. Qc5 Re5 20. Rh3 Qd2 21.
Qa3 Nd4 22. c5 Nxe2 23. Nxe2 Qxe2+ 24. Kg1 Rd1+ 0-1

[Event "Open Praha 2018 - A"]
[Site "Praha (CZE)"]
[Date "2018.01.12"]
[Round "1"]
[White "Svetly, Jiri"]
[Black "Schippers, Maurice"]
[Result "0-1"]
[WhiteElo "1982"]
[BlackElo "2309"]
[PlyCount "40"]
[EventDate "2018.01.12"]

1. d4 Nf6 2. c4 c5 3. d5 b5 4. cxb5 a6 5. b6 e6 6. Nc3 exd5 7. Nxd5 Nxd5 8.
Qxd5 Nc6 9. e4 Be7 10. Bc4 O-O 11. Nf3 Rb8 12. O-O Rxb6 13. Ng5 Qe8 14. Be3 Nb4
15. Qf5 Rg6 16. Nxh7 d5 17. Qh5 dxc4 18. Nxf8 Bxf8 19. Qh4 Rg4 20. Qh5 Qxe4 0-1